000 00346nam a2200145Ia 4500
005 20250324013551.0
008 240331s9999 xx 000 0 und d
082 _bWIC
_a891
100 _aWickramasinghe,M
245 0 _aMagul gedara
260 _aDehiwala
_bTissera Publication
_c1992
300 _a128 p.,
650 _aShort Stories
942 _cL
999 _c4950
_d4950